| 000 | 00944nac a22002411u 4500 | ||
|---|---|---|---|
| 010 | _a 2001046055 | ||
| 020 | _a020172152X | ||
| 022 | _a0321425235 | ||
| 082 | 0 | 0 |
_a005.1 _bV671 |
| 090 |
_c2802 _d2802 |
||
| 100 | _aViega, John. | ||
| 245 | 1 | 0 |
_aBuilding secure software :how to avoid security problems the right way / _bhow to avoid security problems the right way / _cJohn Viega, Gary McGraw. |
| 260 |
_aBoston :2002. _bAddison-Wesley, _cc2002. |
||
| 300 |
_axxx, 493 p. : _bill. ; _c24 cm. |
||
| 440 | 0 | _aAddison-Wesley professional computing series | |
| 504 | _aIncludes bibliographical references and index. | ||
| 650 | 0 |
_aComputer software _xDevelopment. |
|
| 650 | 0 | _aComputer security. | |
| 650 | 0 | _aSystem design. | |
| 700 | 1 |
_aMcGraw, Gary, _d1966- |
|
| 942 |
_cBB _k005.1V671 |
||
| 999 |
_c2802 _d2802 |
||